La moderna crítica literaria hispánica: antología

Zapisane w:
Opis bibliograficzny
1. autor: Garrido Gallardo, Miguel Ángel (Autor)
Format: Książka
Język:hiszpański
Wydane: Madrid, España Mapfre 1996
Seria:Colección Idioma e Iberoamérica, 11
Hasła przedmiotowe:
Etykiety: Dodaj etykietę
Nie ma etykietki, Dołącz pierwszą etykiete!

MARC

LEADER 00000nam a2200000 a 4500
001 UCR5851
003 CL-VaPUC
005 20250114124020.0
008 980403e19960000SP |||||||||||||||||spa|d
999 |c 268199  |d 268197 
040 |c Pontificia Universidad Católica de Valparaíso 
082 0 4 |a H860.9 GAR 1996  |2 21 
100 |a Garrido Gallardo, Miguel Ángel  |e author  |9 406745 
245 1 3 |a La moderna crítica literaria hispánica:  |b  antología 
260 |a Madrid, España  |b Mapfre  |c 1996 
300 |a 346 páginas 
490 0 |a Colección Idioma e Iberoamérica,  |v  11 
583 |a last modification  |c 19980403 00:00:00  |k Rodrigo Vera 
600 0 |a Alberti, Rafael  |e autor  |9 267868 
600 0 |a ALONSO, DAMASO  |9 346623 
600 0 7 |a BAROJA, PIO  |2 CL-VaPUC  |9 322211 
600 0 |a Arguedas, José María  |9 313849 
600 0 7 |a DONOSO, JOSE  |2 CL-VaPUC  |9 313758 
600 0 7 |a FUENTES, CARLOS  |2 CL-VaPUC  |9 376869 
600 0 7 |a Paz, Octavio  |d 1914-1998  |9 881026 
600 0 7 |a PUIG, MANUEL  |2 CL-VaPUC  |9 406746 
600 0 7 |a RULFO, JUAN  |2 CL-VaPUC  |9 318391 
600 0 7 |a UNAMUNO, MIGUEL DE  |2 CL-VaPUC  |9 312478 
600 0 |a Vallejo, César  |9 269109 
650 0 |a Literatura hispanoamericana  |x ANTOLOGIAS  |9 269097 
650 0 |a Literatura española  |x ANTOLOGIAS  |9 306261 
650 0 |a Crítica literaria   |z ESPAÑA  |z AMERICA DEL SUR  |9 269189 
852 |a BIBCUR 
942 |c BK  |2 ddc 
945 |d 19980403 00:00:00  |a rbrito 
952 |0 0  |1 0  |2 ddc  |4 0  |6 H_860_900000000000000_GAR_1996  |7 0  |8 A  |9 301166  |a BIBHIS  |b BIBHIS  |d 2019-11-20  |i 339641K  |o H860.9 GAR 1996  |p 339641K  |r 2025-01-20  |t 1  |w 2019-11-20  |y BK  |k HIS